[Event "CAN-ch op 49th"]
[Site "Victoria"]
[Date "2012.07.10"]
[Round "6"]
[White "Reeve, Jeff"]
[Black "Ummel, Igor"]
[Result "1-0"]
[WhiteElo "2234"]
[BlackElo "2171"]
[PlyCount "101"]
[EventDate "2012.07.08"]
[EventType "swiss"]
[EventRounds "9"]
[EventCountry "CAN"]
[SourceTitle "CBM 149 Extra"]
[Source "ChessBase"]
[SourceDate "2012.08.24"]
[SourceVersion "1"]
[SourceVersionDate "2012.08.24"]
[SourceQuality "1"]

1. e4 c6 2. d4 d5 3. Nc3 dxe4 4. Nxe4 Bf5 5. Ng3 Bg6 6. Nf3 Nd7 7. h4 h6 8. h5 Bh7 9. Bd3 Bxd3 10. Qxd3 e6 11. Bd2 Ngf6 12. 0-0-0 Be7 13. Ne4 Nxe4 14. Qxe4 Nf6 15. Qe2 Qd5 16. c4 Qe4 17. Qxe4 Nxe4 18. Be3 Nf6 19. Ne5 0-0 20. g4 Kh7 21. Rdg1 Rad8 22. Kc2 Nd7 23. f4 Nxe5 24. dxe5 f6 25. exf6 Bxf6 26. Rd1 b6 27. b3 Be7 28. Rxd8 Bxd8 29. Kd3 Bc7 30. Ke4 c5 31. Rd1 Rf7 32. Rd2 Re7 33. g5 g6 34. hxg6+ Kxg6 35. gxh6 Kxh6 36. f5+ Kg7 37. Rg2+ Kf7 38. f6 Rd7 39. Rg7+ Ke8 40. Bg5 Rxg7 41. fxg7 Kf7 42. Bf6 a6 43. a4 a5 44. Be5 Bd8 45. Kf4 Kg8 46. Kg4 Kh7 47. Kh5 Be7 48. Bc7 Kxg7 49. Bxb6 Kf6 50. Bxa5 Bd6 51. Bb6 1-0

[Event "CAN-ch op 49th"]
[Site "Victoria"]
[Date "2012.07.08"]
[Round "2"]
[White "Reeve, Jeff"]
[Black "Wu, Howard"]
[Result "0-1"]
[WhiteElo "2234"]
[BlackElo "2120"]
[PlyCount "62"]
[EventDate "2012.07.08"]
[EventType "swiss"]
[EventRounds "9"]
[EventCountry "CAN"]
[SourceTitle "CBM 149 Extra"]
[Source "ChessBase"]
[SourceDate "2012.08.24"]
[SourceVersion "1"]
[SourceVersionDate "2012.08.24"]
[SourceQuality "1"]

1. g3 c5 2. Bg2 Nc6 3. d3 g6 4. c3 Bg7 5. a4 d5 6. Nf3 Nf6 7. 0-0 0-0 8. Nbd2 Bf5 9. Nh4 Bg4 10. h3 Be6 11. f4 d4 12. c4 Bd7 13. Kh2 Qc7 14. Ndf3 Nh5 15. Bd2 e5 16. Ng5 exf4 17. gxf4 Ne7 18. Qe1 h6 19. Ne4 g5 20. Nf3 Nxf4 21. Qg3 Nf5 22. Bxf4 gxf4 23. Qf2 Rae8 24. Rg1 Bc6 25. Ned2 Ng3 26. Bf1 Kh8 27. b3 Re3 28. Re1 Rfe8 29. Rg2 R8e6 30. Kg1 Qa5 31. Rh2 Bxf3 0-1

[Event "Alberta-ch"]
[Site "Edmonton"]
[Date "2012.04.07"]
[Round "2"]
[White "Reeve, Jeff"]
[Black "Pechenkin, Vladimir"]
[Result "0-1"]
[WhiteElo "2244"]
[BlackElo "2309"]
[PlyCount "82"]
[EventDate "2012.04.06"]
[EventType "tourn"]
[EventRounds "5"]
[EventCountry "CAN"]
[SourceTitle "EXT 2022"]
[Source "ChessBase"]
[SourceDate "2021.10.06"]
[SourceVersion "1"]
[SourceVersionDate "2021.10.06"]
[SourceQuality "1"]

1. e4 Nf6 2. e5 Nd5 3. d4 d6 4. c4 Nb6 5. f4 g6 6. Nc3 Bg7 7. Be3 Be6 8. d5 Bf5 9. Nf3 0-0 10. Be2 Bg4 11. Qd2 c6 12. 0-0 cxd5 13. cxd5 Bxf3 14. Rxf3 dxe5 15. fxe5 Bxe5 16. Bh6 N8d7 17. Raf1 Nf6 18. Bxf8 Qxf8 19. Bd1 Rd8 20. Bb3 Nc8 21. Qg5 Bd4+ 22. Kh1 Nd6 23. Qf4 Bb6 24. g4 Bc7 25. h3 Bb8 26. Qe3 h5 27. g5 Nfe8 28. Ne4 Nf5 29. Qd3 Qg7 30. Rxf5 gxf5 31. Ng3 Bxg3 32. Qxg3 Nd6 33. h4 Qxb2 34. Qf4 Rc8 35. g6 fxg6 36. Rg1 Qf6 37. Re1 Kf7 38. Re2 b5 39. Kg2 a5 40. Qh6 Rh8 41. Qe3 a4 0-1

[Event "Canadian op"]
[Site "Edmonton"]
[Date "2009.07.18"]
[Round "8"]
[White "Reeve, Jeff"]
[Black "Sequillion, Aaron"]
[Result "1-0"]
[WhiteElo "2233"]
[BlackElo "2108"]
[PlyCount "33"]
[EventDate "2009.07.11"]
[EventType "swiss"]
[EventRounds "9"]
[EventCountry "CAN"]
[SourceTitle "CBM 132 Extra"]
[Source "ChessBase"]
[SourceDate "2009.11.03"]
[SourceVersion "1"]
[SourceVersionDate "2009.11.03"]
[SourceQuality "1"]

1. e4 c5 2. Nf3 d6 3. Bb5+ Bd7 4. Bxd7+ Qxd7 5. 0-0 Nf6 6. e5 dxe5 7. Nxe5 Qc7 8. d4 e6 9. Bf4 Bd6 10. Na3 Bxe5 11. dxe5 Nd5 12. Nb5 Qc6 13. Nd6+ Ke7 14. Qh5 Rf8 15. Bg5+ f6 16. c4 Nc7 17. Rad1 1-0

[Event "Canadian op"]
[Site "Edmonton"]
[Date "2009.07.13"]
[Round "3"]
[White "Bluvshtein, Mark"]
[Black "Reeve, Jeff"]
[Result "1-0"]
[WhiteElo "2558"]
[BlackElo "2233"]
[PlyCount "58"]
[EventDate "2009.07.11"]
[EventType "swiss"]
[EventRounds "9"]
[EventCountry "CAN"]
[SourceTitle "CBM 132 Extra"]
[Source "ChessBase"]
[SourceDate "2009.11.03"]
[SourceVersion "1"]
[SourceVersionDate "2009.11.03"]
[SourceQuality "1"]

1. d4 Nf6 2. c4 c5 3. d5 b5 4. cxb5 a6 5. bxa6 g6 6. Nc3 Bxa6 7. g3 d6 8. Bg2 Bg7 9. Nf3 Nbd7 10. Rb1 Nb6 11. b3 Bc8 12. Nh4 h6 13. Qc2 Qd7 14. f4 Bb7 15. Qd2 g5 16. fxg5 hxg5 17. Qxg5 Bh6 18. Qf5 Qxf5 19. Nxf5 Bxc1 20. Rxc1 Nfxd5 21. a4 Kd7 22. Ne4 Bc6 23. 0-0 e6 24. Nfxd6 f5 25. Nxf5 exf5 26. Nxc5+ Kd6 27. Rxf5 Rhf8 28. Ne4+ Kc7 29. Rg5 Ra5 1-0

[Event "Alberta-ch"]
[Site "Edmonton"]
[Date "2009.04.12"]
[Round "4"]
[White "Pechenkin, Vladimir"]
[Black "Reeve, Jeff"]
[Result "1-0"]
[WhiteElo "2312"]
[BlackElo "2241"]
[PlyCount "91"]
[EventDate "2009.04.10"]
[EventType "tourn"]
[EventRounds "5"]
[EventCountry "CAN"]
[EventCategory "2"]
[SourceTitle "EXT 2011"]
[Source "ChessBase"]
[SourceDate "2010.11.26"]
[SourceVersion "1"]
[SourceVersionDate "2010.11.26"]
[SourceQuality "1"]

1. f4 g6 2. Nf3 Bg7 3. g3 d6 4. Bg2 c5 5. 0-0 Nc6 6. e4 Nf6 7. d3 0-0 8. h3 Rb8 9. Nc3 Nd7 10. g4 b5 11. Ne2 b4 12. Ng3 a5 13. Rb1 a4 14. b3 Ra8 15. Bb2 axb3 16. axb3 Bxb2 17. Rxb2 Qb6 18. Kh1 Bb7 19. Qd2 Nd4 20. h4 Ra5 21. h5 Nf6 22. f5 Nxf3 23. Bxf3 gxh5 24. Qg5+ Kh8 25. Nxh5 Rg8 26. Qh4 Nxh5 27. Qxh5 f6 28. g5 fxg5 29. f6 exf6 30. Qf7 d5 31. exd5 Raa8 32. Be4 Rg7 33. Qxf6 Qc7 34. c4 Ra6 35. Qf8+ Rg8 36. Rh2 Qxh2+ 37. Kxh2 Rxf8 38. Rxf8+ Kg7 39. Rb8 Ra7 40. Kg3 h5 41. Bf3 g4 42. Be4 Kf6 43. Kf4 h4 44. Rh8 Ke7 45. Rxh4 Kd6 46. Rxg4 1-0

[Event "Alberta-ch"]
[Site "Edmonton"]
[Date "2009.04.12"]
[Round "5"]
[White "Reeve, Jeff"]
[Black "Huber, Gregory"]
[Result "1/2-1/2"]
[WhiteElo "2241"]
[BlackElo "2245"]
[PlyCount "53"]
[EventDate "2009.04.10"]
[EventType "tourn"]
[EventRounds "5"]
[EventCountry "CAN"]
[EventCategory "2"]
[SourceTitle "EXT 2011"]
[Source "ChessBase"]
[SourceDate "2010.11.26"]
[SourceVersion "1"]
[SourceVersionDate "2010.11.26"]
[SourceQuality "1"]

1. e4 d5 2. exd5 Qxd5 3. Nc3 Qd6 4. d4 Nf6 5. Nf3 g6 6. g3 Bg4 7. Bg2 Nc6 8. 0-0 0-0-0 9. Be3 e5 10. dxe5 Nxe5 11. Qxd6 Nxf3+ 12. Bxf3 Bxd6 13. Kg2 Be5 14. Nd1 Bxf3+ 15. Kxf3 Nd5 16. c3 Rhe8 17. Bc1 Re6 18. Ne3 Bf6 19. Nxd5 Rxd5 20. Be3 Rf5+ 21. Ke2 Rb5 22. Rab1 Rd6 23. Rfc1 Bg5 24. Bxg5 Rxg5 25. Rd1 Re5+ 26. Kf1 Kd7 27. Rxd6+ 1/2-1/2